Shawn Michaels's WrestleMania Opponents - Statistics

General Stats
  • This quiz has been taken 275 times
  • The average score is 12 of 21
Answer Stats
WrestleMania Opponent % Correct
WrestleMania 25 The Undertaker
98%
WrestleMania XXVI The Undertaker
98%
WrestleMania XX HHH
95%
WrestleMania XII Bret Hart
89%
WrestleMania 23 John Cena
85%
WrestleMania XXIV Ric Flair
82%
WrestleMania XIV Stone Cold Steve Austin
80%
WrestleMania XX Chris Benoit
78%
WrestleMania XI Diesel
76%
WrestleMania XIX Chris Jericho
75%
WrestleMania 21 Kurt Angle
75%
WrestleMania X Razor Ramon
70%
WrestleMania 22 Vince McMahon
64%
WrestleMania IX Tatanka
30%
WrestleMania V* Big Boss Man
23%
WrestleMania VIII Tito Santana
21%
WrestleMania V* Akeem
20%
WrestleMania VI* Pat Tanaka
15%
WrestleMania VII* Haku
14%
WrestleMania VI* Sato
12%
WrestleMania VII* The Barbarian
12%
No matching quizzes found
Score Distribution
Percent of People with Each Score
Percentile by Number Answered
Your Score History
You have not taken this quiz